|
|
|
|
| LEADER |
00000nam0a2200000 4500 |
| 001 |
63067 |
| 005 |
20231031064026.0 |
| 035 |
|
|
|a (RuTPU)RU\TPU\book\66910
|
| 090 |
|
|
|a 63067
|
| 100 |
|
|
|a 20040428d1978 km y0rusy50 ca
|
| 101 |
0 |
|
|a rus
|
| 102 |
|
|
|a RU
|
| 105 |
|
|
|a a g 001zy
|
| 200 |
1 |
|
|a Методика усталостных испытаний
|e Справочник
|f Л. М. Школьник
|
| 210 |
|
|
|a Москва
|c Металлургия
|d 1978
|
| 215 |
|
|
|a 304 с.
|c ил.
|
| 320 |
|
|
|a Библиогр.: с. 280-288
|
| 320 |
|
|
|a Предметный указатель: с. 301-302
|
| 610 |
1 |
|
|a металлы
|
| 610 |
1 |
|
|a усталостная прочность
|
| 610 |
1 |
|
|a оборудование
|
| 610 |
1 |
|
|a испытания
|
| 610 |
1 |
|
|a справочники
|
| 610 |
1 |
|
|a методика
|
| 675 |
|
|
|a 669:620.1(035)
|v 3
|
| 700 |
|
1 |
|a Школьник
|b Л. М.
|g Лев Михайлович
|
| 801 |
|
1 |
|a RU
|b 63413507
|c 20040428
|g PSBO
|
| 801 |
|
2 |
|a RU
|b 63413507
|c 20180301
|g PSBO
|
| 942 |
|
|
|c BK
|